In the Palm of His hand: (Record no. 3407)

MARC details
000 -LEADER
fixed length control field 00509nam a2200181Ia 4500
003 - CONTROL NUMBER IDENTIFIER
control field GBCCL
005 - DATE AND TIME OF LATEST TRANSACTION
control field 20241126110454.0
008 - FIXED-LENGTH DATA ELEMENTS--GENERAL INFORMATION
fixed length control field 171127b xxu||||| |||| 00| 0 eng d
020 ## - INTERNATIONAL STANDARD BOOK NUMBER
International Standard Book Number 0-570-04498-7
040 ## - CATALOGING SOURCE
Transcribing agency gbc
082 ## - DEWEY DECIMAL CLASSIFICATION NUMBER
Classification number 242.63
Item number TEE
100 ## - MAIN ENTRY--PERSONAL NAME
Personal name Teens
9 (RLIN) 6936
245 ## - TITLE STATEMENT
Title In the Palm of His hand:
Remainder of title A devotional journey /
Statement of responsibility, etc. Teens for Teens
260 ## - PUBLICATION, DISTRIBUTION, ETC.
Name of publisher, distributor, etc. Concordia Publishing House,
Place of publication, distribution, etc. Saint Louis:
Date of publication, distribution, etc. 1988
300 ## - PHYSICAL DESCRIPTION
Extent 128p.;
Other physical details ill.,
Dimensions 20 cm.
650 ## - SUBJECT ADDED ENTRY--TOPICAL TERM
Topical term or geographic name entry element Devotions
Form subdivision Teens
9 (RLIN) 6937
942 ## - ADDED ENTRY ELEMENTS (KOHA)
Source of classification or shelving scheme Dewey Decimal Classification
Koha item type Books
Koha issues (borrowed), all copies 1
Holdings
Withdrawn status Lost status Source of classification or shelving scheme Damaged status Not for loan Home library Current Library Shelving location Date acquired Total checkouts Full call number Barcode Date last seen Date last checked out Copy number Price effective from Koha item type
    Dewey Decimal Classification     GRACE BIBLE COLLEGE GRACE BIBLE COLLEGE Ministry & Mission 2017-11-27 1 242.63 TEE 009619 2025-05-01 2020-01-15 c.1 2017-11-27 Books
© Grace Bible College Library 2025